Statystyki dla 5 państw najbliżej położonych względem podanych państw #3

Kliknij tutaj aby rozwiązać quiz!

Ogólne statystyki

  • Ten quiz został rozwiązany 65 razy
  • Średni wynik to 24 z 40

Statystyki odpowiedzi

Państwo początkowe#Państwa% Poprawnych
Dania0Niemcy
91%
Dania97Polska
91%
Dania2Szwecja
91%
Dania70Norwegia
89%
Mongolia0Rosja
88%
Mongolia0Chiny
86%
Maroko0Algieria
80%
Mongolia23Kazachstan
79%
Kuba94Stany Zjednoczone
79%
Jemen0Oman
73%
Jemen0Arabia Saudyjska
71%
Kuba90Jamajka
71%
Maroko10Wielka Brytania
71%
Maroko0Hiszpania
70%
Mongolia483Korea Północna
70%
Kuba53Haiti
68%
Maroko0Mauretania
66%
Jemen60Somalia
59%
Kuba122Meksyk
57%
Maroko126Portugalia
57%
Madagaskar186Francja
55%
Madagaskar243Komory
55%
Madagaskar258Mozambik
55%
Madagaskar477Tanzania
55%
Gwinea Równikowa124Demokratyczna Republika Konga
54%
Madagaskar540Mauritius
54%
Kuba58Bahamy
52%
Jemen17Erytrea
52%
Gwinea Równikowa0Kamerun
48%
Mongolia564Kirgistan
48%
Gwinea Równikowa59Nigeria
48%
Jemen12Dżibuti
46%
Gwinea Równikowa0Gabon
45%
Dania16Kanada
43%
Palau246Mikronezja
39%
Palau202Indonezja
32%
Palau739Papua-Nowa Gwinea
32%
Palau409Filipiny
29%
Palau881Malezja
23%
Gwinea Równikowa132Wyspy Świętego Tomasza i Książęca
21%

Rozkład punktacji

Percentyl według liczby udzielonych odpowiedzi

Procent ludzi z każdym wynikiem

Twoja historia wyników

Nie rozwiązałeś tego quizu